000 00980nas a2200313 4500
001 BR2011008307
003 BR-BrBNA
005 20231205115902.0
007 ta
008 230509b bl.|||p| |||| 00| 00por d
040 _aBR-BrBNA
_bpor
_cBiblioteca Nacional de Agricultura
041 _a(Pt)
072 _aL74
100 1 _aPortugal, M. de N.M.
100 1 _aFroes, T.R.
100 1 _aTasqueti, U.I.
100 1 _aGarcia, D.A.A.
100 1 _aSilva, A.W.C. da
245 1 _aHemangiossarcoma cardíaco primário - relato de caso
246 1 _aCardiac primary hemangiosarcoma - case report
650 _aCÃO
650 _aTUMOR MALIGNO
650 _aCORAÇÃO
650 _aSARCOMA
650 _a
773 0 _tMEDVEP. Revista Científica de Medicina Veterinária. Pequenos Animais e Animais de Estimação (Brazil)
_xISSN 1678-1430
_g(Apr-Jun 2009), v. 7(21) p. 174-178
_wBR2011008307
909 _a202311
_bLúcia
_c55
_dLúcia Elande
942 _2AGRIS
_n0
_cANA
999 _c216160
_d216160